De la guerra

Gorde:
Xehetasun bibliografikoak
Egile nagusia: Clausewitz, Karl von (Egilea)
Formatua: Liburua
Hizkuntza:gaztelania
Argitaratua: Barcelona Labor 1984
Edizioa:1a. ed
Gaiak:
Etiketak: Etiketa erantsi
Etiketarik gabe, Izan zaitez lehena erregistro honi etiketa jartzen!

MARC

LEADER 00000cam a2200000 a 4500
001 UCD2911
003 CL-VaPUC
008 160520e19840000sp |||||||||||||||||spa|d
020 |a 8433502743 
082 0 4 |a 355.4  |b CLA  |2 21 
100 0 |a Clausewitz, Karl von  |e author  |9 431906 
245 1 0 |a De la guerra 
250 |a 1a. ed 
300 |a 342 p 
942 |c BK 
945 |d 20160520 11:34:00  |a dcastane 
260 |a Barcelona  |b Labor  |c 1984 
650 0 |a Guerras  |9 255273 
650 0 |a Estrategias militares   |9 438853 
583 |a last modification  |c 20160520 11:34:00  |k Rodrigo Vera 
999 |c 364020  |d 364018 
952 |0 0  |1 0  |3 erb  |4 0  |6 355_400000000000000_CLA_1984  |7 0  |8 A  |9 476928  |a FDOHBE  |b FDOHBE  |e Huesbe Llanos, Marco Antonio, 1934-  |i 5304954  |o 355.4 CLA 1984  |p 5304954  |r 2024-01-30  |w 2019-11-24  |y BK  |z Catalogado en:20160520  |k HBE 
952 |0 0  |1 0  |3 erb  |4 0  |6 355_400000000000000_CLA_1984  |7 0  |8 A  |9 476929  |a BIBART  |b BIBART  |i 5239877  |o 355.4 CLA 1984  |p 5239877  |r 2025-03-13  |w 2019-11-24  |y BK  |z Catalogado en:20170331  |k ART